[Event "Aragon-chT Honor Pl 7-10"]
[Site "Aragon"]
[Date "2023.03.18"]
[Round "8.16"]
[White "Martin Catalan, Juan Vicente"]
[Black "Roche Simon, Manuel Angel"]
[Result "1/2-1/2"]
[WhiteElo "1939"]
[BlackElo "1985"]
[PlyCount "77"]
[EventDate "2023.01.28"]
[EventType "team-tourn"]
[EventRounds "9"]
[EventCountry "ESP"]
[SourceTitle "EXT 2024"]
[Source "ChessBase"]
[SourceDate "2023.10.10"]
[SourceVersion "1"]
[SourceVersionDate "2023.10.10"]
[SourceQuality "1"]
[WhiteTeam "Teruel"]
[BlackTeam "Delicias"]
[WhiteTeamCountry "ESP"]
[BlackTeamCountry "ESP"]

1. d4 d5 2. Bf4 c5 3. e3 Nc6 4. c3 Qb6 5. Qb3 c4 6. Qc2 e5 7. dxe5 Bf5 8. Qc1 Nge7 9. Nf3 Ng6 10. Bg3 Bc5 11. Be2 0-0 12. Nbd2 Rfe8 13. Nd4 Bxd4 14. cxd4 f6 15. 0-0 fxe5 16. Bf3 Rad8 17. dxe5 Bd3 18. Rd1 Ngxe5 19. Qc3 d4 20. exd4 Nxf3+ 21. Nxf3 Nxd4 22. Nxd4 Qxd4 23. Qxd4 Rxd4 24. Rd2 b5 25. a3 Rde4 26. f3 R4e6 27. Bf2 h5 28. Bxa7 h4 29. h3 g5 30. Bf2 Re2 31. Rad1 Kf7 32. Rxe2 Rxe2 33. Bd4 Kg6 34. Bc3 Kf5 35. Re1 Rxe1+ 36. Bxe1 Bc2 37. Kf2 Bd3 38. Bd2 Kg6 39. Bc3 1/2-1/2

[Event "ESP-ch Seniora 50"]
[Site "Altea"]
[Date "2022.10.30"]
[Round "2"]
[White "Cano Gimenez, Vicente"]
[Black "Roche Simon, Manuel Angel"]
[Result "1/2-1/2"]
[WhiteElo "2221"]
[BlackElo "1964"]
[PlyCount "110"]
[EventDate "2022.10.29"]
[EventType "swiss"]
[EventRounds "9"]
[EventCountry "ESP"]
[SourceTitle "EXT 2024"]
[Source "ChessBase"]
[SourceDate "2023.10.10"]
[SourceVersion "1"]
[SourceVersionDate "2023.10.10"]
[SourceQuality "1"]
[WhiteTeam "Spain"]
[BlackTeam "Spain"]
[WhiteTeamCountry "ESP"]
[BlackTeamCountry "ESP"]

1. Nf3 d5 2. g3 Nf6 3. Bg2 e6 4. 0-0 Be7 5. d4 0-0 6. c4 dxc4 7. Qa4 a6 8. Qxc4 b5 9. Qc2 Bb7 10. Bg5 Nbd7 11. Nbd2 Rc8 12. Nb3 c5 13. Bxf6 Nxf6 14. dxc5 Rc7 15. Rac1 Qa8 16. Ne1 Bxg2 17. Nxg2 Rfc8 18. Nf4 a5 19. Nd3 Ne4 20. f3 Nxc5 21. Nbxc5 Qa7 22. Rfd1 g6 23. Kf1 Bxc5 24. Nxc5 Rxc5 25. Rd8+ Rxd8 26. Qxc5 Qd7 27. Qc3 Qd2 28. Kf2 b4 29. Qf6 e5 30. Rc7 Qd4+ 31. Kg2 Rf8 32. Re7 Qxb2 33. Rxe5 Qxa2 34. h4 Qd2 35. f4 Qd8 36. Qxd8 Rxd8 37. Rxa5 Rb8 38. Ra2 f5 39. Kf3 b3 40. Rb2 Rb4 41. Ke3 Kg7 42. Kd3 Kh6 43. Kc3 Rb7 44. Kd3 Kh5 45. Ke3 Kg4 46. Kf2 Rb4 47. Kg2 h6 48. Kf2 g5 49. hxg5 hxg5 50. fxg5 Kxg5 51. Ke3 Kg4 52. Kf2 f4 53. gxf4 Kxf4 54. e3+ Ke4 55. Ke2 Rb8 1/2-1/2

[Event "Aragon-chT Honor Gr II"]
[Site "Aragon"]
[Date "2022.02.19"]
[Round "4.23"]
[White "Roche Simon, Manuel Angel"]
[Black "Luis Vitalla, Fernando Maria"]
[Result "0-1"]
[WhiteElo "2027"]
[BlackElo "2096"]
[PlyCount "50"]
[EventDate "2022.01.29"]
[EventType "team-tourn"]
[EventRounds "7"]
[EventCountry "ESP"]
[SourceTitle "EXT 2024"]
[Source "ChessBase"]
[SourceDate "2023.10.10"]
[SourceVersion "1"]
[SourceVersionDate "2023.10.10"]
[SourceQuality "1"]
[WhiteTeam "Delicias"]
[BlackTeam "Huesca Club Atletismo"]
[WhiteTeamCountry "ESP"]
[BlackTeamCountry "ESP"]

1. e4 c5 2. Nf3 Nf6 3. Nc3 d5 4. exd5 Nxd5 5. Bb5+ Bd7 6. Ne5 Bxb5 7. Qf3 f6 8. Nxb5 Na6 9. Nc4 Qd7 10. a4 Nab4 11. Qe4 e6 12. c3 Nc6 13. 0-0 Be7 14. Re1 Kf7 15. d4 a6 16. Nba3 cxd4 17. cxd4 b5 18. Ne3 f5 19. Qb1 Nxd4 20. Nxd5 Qxd5 21. Be3 Nb3 22. Ra2 Rhd8 23. Nc2 b4 24. Bb6 Nd2 25. Qd1 Qxa2 0-1

[Event "Aragon-chT Honor Gr II"]
[Site "Aragon"]
[Date "2022.02.12"]
[Round "3.11"]
[White "Lacruz Algarate, Alvaro"]
[Black "Roche Simon, Manuel Angel"]
[Result "1-0"]
[WhiteElo "2097"]
[BlackElo "2027"]
[PlyCount "109"]
[EventDate "2022.01.29"]
[EventType "team-tourn"]
[EventRounds "7"]
[EventCountry "ESP"]
[SourceTitle "EXT 2024"]
[Source "ChessBase"]
[SourceDate "2023.10.10"]
[SourceVersion "1"]
[SourceVersionDate "2023.10.10"]
[SourceQuality "1"]
[WhiteTeam "Palacio de Pioneros"]
[BlackTeam "Delicias"]
[WhiteTeamCountry "ESP"]
[BlackTeamCountry "ESP"]

1. e4 c5 2. Nf3 Nc6 3. Bb5 g6 4. 0-0 Bg7 5. Bxc6 dxc6 6. h3 e5 7. d3 Qe7 8. Be3 Nf6 9. Nbd2 0-0 10. Nc4 Nd7 11. a4 b6 12. Qd2 Ba6 13. Qc3 h6 14. Rfe1 Kh7 15. Bd2 Rae8 16. b4 cxb4 17. Qxb4 c5 18. Qc3 Nb8 19. Ne3 Qd6 20. Bc1 Nc6 21. Ba3 Nd4 22. Nd2 Rc8 23. Rab1 Qc6 24. Ndc4 Qxa4 25. Ra1 Qc6 26. Bb2 b5 27. Qa3 bxc4 28. Qxa6 cxd3 29. cxd3 Rfd8 30. Bxd4 Rxd4 31. Qxc6 Rxc6 32. Rxa7 Rxd3 33. Rxf7 c4 34. Rb1 Rd8 35. Rc1 Rdc8 36. Nd5 Kg8 37. Rb7 Bf8 38. Nb6 Ba3 39. Rc3 Rxb6 40. Rxb6 Bc5 41. Rxg6+ Kh7 42. Ra6 Bd4 43. Rc2 c3 44. g4 Rc4 45. Kg2 Kg7 46. Kf3 Kf7 47. Ke2 Kg7 48. Kd3 Rb4 49. Rc6 Ra4 50. f3 Rb4 51. h4 Rb1 52. R6xc3 Bxc3 53. Rxc3 Rh1 54. h5 Kf6 55. Ke3 1-0

[Event "Aragon-chT Honor Gr II"]
[Site "Aragon"]
[Date "2022.01.29"]
[Round "1.23"]
[White "Ereza Vizcarra, Fernando"]
[Black "Roche Simon, Manuel Angel"]
[Result "1-0"]
[WhiteElo "2117"]
[BlackElo "2027"]
[PlyCount "69"]
[EventDate "2022.01.29"]
[EventType "team-tourn"]
[EventRounds "7"]
[EventCountry "ESP"]
[SourceTitle "EXT 2024"]
[Source "ChessBase"]
[SourceDate "2023.10.10"]
[SourceVersion "1"]
[SourceVersionDate "2023.10.10"]
[SourceQuality "1"]
[WhiteTeam "Jaque Pirenauto"]
[BlackTeam "Delicias"]
[WhiteTeamCountry "ESP"]
[BlackTeamCountry "ESP"]

1. d4 Nf6 2. Nf3 g6 3. c4 Bg7 4. Nc3 d5 5. cxd5 Nxd5 6. e4 Nxc3 7. bxc3 0-0 8. Be3 c5 9. Qd2 Qa5 10. Rc1 b6 11. Bd3 Rd8 12. d5 Ba6 13. c4 Qa4 14. Qc2 Qxc2 15. Rxc2 Nd7 16. Ke2 h6 17. h4 e6 18. Bf4 e5 19. Be3 f6 20. h5 g5 21. Nd2 Rf8 22. g4 Bc8 23. f3 Nb8 24. Rb2 Na6 25. Nb1 Bd7 26. Nc3 Rfb8 27. Bc2 Nc7 28. Rhb1 Rc8 29. Ba4 Bxa4 30. Nxa4 Ne8 31. Nc3 Bf8 32. Kd3 Bd6 33. a4 Nc7 34. Bd2 Kf7 35. a5 1-0

[Event "ESP-ch Seniors 50"]
[Site "Altea"]
[Date "2021.11.07"]
[Round "9"]
[White "Sanchez Romero, Miquel Angel"]
[Black "Roche Simon, Manuel Angel"]
[Result "1-0"]
[WhiteElo "2109"]
[BlackElo "2008"]
[PlyCount "59"]
[EventDate "2021.10.31"]
[EventType "swiss"]
[EventRounds "9"]
[EventCountry "ESP"]
[SourceTitle "CBM 205 Extra"]
[Source "ChessBase"]
[SourceDate "2022.01.31"]
[SourceVersion "1"]
[SourceVersionDate "2022.01.31"]
[SourceQuality "1"]

1. e4 c5 2. Nf3 Nc6 3. Bb5 g6 4. 0-0 Bg7 5. Re1 Nf6 6. e5 Nd5 7. Nc3 Nc7 8. Bxc6 dxc6 9. Ne4 Ne6 10. d3 0-0 11. Be3 b6 12. Qd2 Nd4 13. Nxd4 cxd4 14. Bh6 c5 15. Qg5 f6 16. exf6 exf6 17. Qh4 Bb7 18. Bxg7 Kxg7 19. f4 Qd5 20. Re2 Rf7 21. Rae1 h6 22. f5 gxf5 23. Ng3 Rg8 24. Rf1 Kh7 25. Rxf5 Qc6 26. Rff2 Rg6 27. Nh5 Qd5 28. Nf4 Qg5 29. Nxg6 Kxg6 30. Qf4 1-0

[Event "ESP-ch Seniors 50"]
[Site "Altea"]
[Date "2021.11.01"]
[Round "3"]
[White "Roche Simon, Manuel Angel"]
[Black "Carrera Perez, Francisco"]
[Result "0-1"]
[WhiteElo "2008"]
[BlackElo "2239"]
[PlyCount "42"]
[EventDate "2021.10.31"]
[EventType "swiss"]
[EventRounds "9"]
[EventCountry "ESP"]
[SourceTitle "CBM 205 Extra"]
[Source "ChessBase"]
[SourceDate "2022.01.31"]
[SourceVersion "1"]
[SourceVersionDate "2022.01.31"]
[SourceQuality "1"]

1. e4 e6 2. d4 d5 3. Nc3 Nf6 4. e5 Nfd7 5. Nce2 c5 6. c3 Nc6 7. f4 Qb6 8. Nf3 Be7 9. h4 f6 10. g3 0-0 11. Bh3 cxd4 12. cxd4 fxe5 13. Bxe6+ Kh8 14. Ng5 exd4 15. Nxh7 Kxh7 16. Qd3+ Kh8 17. Qg6 Nf6 18. h5 Bb4+ 19. Kd1 Ne7 20. Bf7 Rxf7 21. Qxf7 Be6 0-1

[Event "Aragon-chT Honor Descenso"]
[Site "Aragon"]
[Date "2021.05.29"]
[Round "9.18"]
[White "Pellicer Cerezuela, Miguel"]
[Black "Roche Simon, Manuel Angel"]
[Result "1/2-1/2"]
[WhiteElo "2029"]
[BlackElo "2046"]
[PlyCount "87"]
[EventDate "2021.05.15"]
[EventType "team-tourn"]
[EventRounds "10"]
[EventCountry "ESP"]
[SourceTitle "EXT 2024"]
[Source "ChessBase"]
[SourceDate "2023.10.10"]
[SourceVersion "1"]
[SourceVersionDate "2023.10.10"]
[SourceQuality "1"]
[WhiteTeam "La Aurora Estadilla"]
[BlackTeam "Delicias"]
[WhiteTeamCountry "ESP"]
[BlackTeamCountry "ESP"]

1. d4 d5 2. Nf3 e6 3. e3 c5 4. Bd3 Nf6 5. 0-0 a6 6. b3 Nc6 7. Bb2 cxd4 8. exd4 Bd6 9. Nbd2 b5 10. Ne5 Bb7 11. f4 Qb6 12. Nxc6 Bxc6 13. Kh1 0-0 14. f5 Qc7 15. Nf3 exf5 16. Bxf5 g6 17. Bd3 Ng4 18. Qe1 Rae8 19. Qh4 f5 20. Bc1 Be7 21. Bg5 Bxg5 22. Qxg5 Qe7 23. Qxe7 Rxe7 24. h3 Ne3 25. Rf2 f4 26. Ne5 Be8 27. c4 bxc4 28. bxc4 dxc4 29. Nxc4 Bb5 30. Nxe3 fxe3 31. Rxf8+ Kxf8 32. Bxb5 axb5 33. Kg1 Re4 34. Re1 Ke7 35. Kf1 Kd6 36. Ke2 Kd5 37. Rb1 Rxd4 38. Rxb5+ Ke4 39. Rb2 Ra4 40. Rc2 h5 41. g3 g5 42. Rb2 h4 43. gxh4 gxh4 44. a3 1/2-1/2

[Event "Aragon-chT Honor Descenso"]
[Site "Aragon"]
[Date "2021.05.15"]
[Round "8.22"]
[White "Roche Simon, Manuel Angel"]
[Black "Garreta Crespo, Blas"]
[Result "0-1"]
[WhiteElo "2046"]
[BlackElo "1767"]
[PlyCount "98"]
[EventDate "2021.05.15"]
[EventType "team-tourn"]
[EventRounds "10"]
[EventCountry "ESP"]
[SourceTitle "EXT 2024"]
[Source "ChessBase"]
[SourceDate "2023.10.10"]
[SourceVersion "1"]
[SourceVersionDate "2023.10.10"]
[SourceQuality "1"]
[WhiteTeam "Delicias"]
[BlackTeam "Monzon"]
[WhiteTeamCountry "ESP"]
[BlackTeamCountry "ESP"]

1. e4 d5 2. exd5 Qxd5 3. Nc3 Qd6 4. d4 Nf6 5. Nf3 Bg4 6. Bd3 a6 7. Ne4 Nxe4 8. Bxe4 Nc6 9. c3 f5 10. Bc2 Qd5 11. Bf4 0-0-0 12. 0-0 g5 13. Be5 Nxe5 14. dxe5 Qc5 15. Qc1 Bxf3 16. gxf3 f4 17. Bf5+ Kb8 18. Re1 Bg7 19. b4 Qd5 20. Qc2 Qxf3 21. b5 a5 22. c4 Rd4 23. Rac1 Rhd8 24. Qe2 Qa3 25. Rc2 h6 26. Bg4 Qb4 27. Bf3 e6 28. h3 a4 29. Kg2 a3 30. Rec1 Qc5 31. Re1 Bf8 32. Rb1 Qb6 33. Re1 Bb4 34. Rf1 Rd2 35. Qe4 Rxc2 36. Qxc2 Rd2 37. Qb3 Bc5 38. Kh1 Bxf2 39. Qxa3 Bc5 40. Qc3 Rxa2 41. Rd1 Be7 42. Rd2 Rxd2 43. Qxd2 Qe3 44. Qe2 Qc1+ 45. Kg2 Bc5 46. Qf1 Qb2+ 47. Qe2 Qd4 48. h4 Qg1+ 49. Kh3 Qg3# 0-1

[Event "Aragon-chT Preferente Gr-II"]
[Site "Aragon"]
[Date "2020.02.08"]
[Round "3.63"]
[White "Muro Turon, Raul"]
[Black "Roche Simon, Manuel Angel"]
[Result "1-0"]
[WhiteElo "1843"]
[BlackElo "2030"]
[PlyCount "49"]
[EventDate "2020.01.25"]
[EventType "team-tourn"]
[EventRounds "9"]
[EventCountry "ESP"]
[SourceTitle "EXT 2022"]
[Source "ChessBase"]
[SourceDate "2021.10.06"]
[SourceVersion "1"]
[SourceVersionDate "2021.10.06"]
[SourceQuality "1"]
[WhiteTeam "Tauste"]
[BlackTeam "Delicias"]
[WhiteTeamCountry "ESP"]
[BlackTeamCountry "ESP"]

1. e4 c5 2. c3 d5 3. exd5 Qxd5 4. d4 Nc6 5. Nf3 Bf5 6. Nbd2 cxd4 7. Bc4 Qd7 8. cxd4 e6 9. Qe2 0-0-0 10. Nb3 Bb4+ 11. Bd2 Bxd2+ 12. Qxd2 Qd6 13. Rc1 Kb8 14. Qe3 Nge7 15. 0-0 Nb4 16. Nc5 b6 17. Ne4 Bxe4 18. Qxe4 Ng6 19. a3 Nd5 20. Rfd1 Nf6 21. Qc2 Rc8 22. Qa4 Rhd8 23. Ba6 Rc7 24. Ne5 Nxe5 25. dxe5 1-0

[Event "Aragon-ch Seniors 50+"]
[Site "Zaragoza"]
[Date "2019.06.01"]
[Round "7"]
[White "Gines Abad, Pedro"]
[Black "Roche Simon, Manuel Angel"]
[Result "1-0"]
[WhiteElo "1958"]
[BlackElo "2129"]
[PlyCount "103"]
[EventDate "2019.04.27"]
[EventType "swiss"]
[EventRounds "8"]
[EventCountry "ESP"]
[SourceTitle "EXT 2020"]
[Source "ChessBase"]
[SourceDate "2019.10.17"]
[SourceVersion "1"]
[SourceVersionDate "2019.10.17"]
[SourceQuality "1"]

1. Nf3 e6 2. b3 f5 3. Bb2 Nf6 4. g3 g6 5. Bg2 Bg7 6. 0-0 0-0 7. c4 c6 8. d3 d6 9. b4 Nbd7 10. a4 a5 11. b5 d5 12. Nbd2 Re8 13. Rc1 c5 14. Bxf6 Bxf6 15. cxd5 exd5 16. d4 c4 17. Nb1 Nb6 18. Nc3 Be6 19. Qd2 Bf7 20. h4 Kg7 21. Ne1 Be7 22. Ra1 Bb4 23. e3 h6 24. f4 Qe7 25. Kf2 Bxc3 26. Qxc3 Qb4 27. Qc2 Rac8 28. Nf3 Qb3 29. Qe2 c3 30. Rfb1 Qc4 31. Ne5 Rxe5 32. Qxc4 Rxc4 33. fxe5 Nxa4 34. Bf1 Rb4 35. Bd3 Nb2 36. Ke2 Be8 37. Rc1 Nxd3 38. Kxd3 Bxb5+ 39. Kxc3 Rc4+ 40. Kd2 Rxc1 41. Kxc1 a4 42. Rb1 Bc6 43. Kb2 g5 44. hxg5 hxg5 45. Rh1 Kg6 46. Ka3 f4 47. exf4 gxf4 48. gxf4 Kf5 49. Rh6 Be8 50. Rh8 Bc6 51. Rc8 Bd7 52. Rd8 1-0

[Event "Aragon-chT Honor Gr I"]
[Site "Aragon"]
[Date "2018.03.10"]
[Round "7.17"]
[White "Colas Longares, Rafael P"]
[Black "Roche Simon, Manuel Angel"]
[Result "1/2-1/2"]
[WhiteElo "2324"]
[BlackElo "2210"]
[PlyCount "93"]
[EventDate "2018.01.27"]
[EventType "team-tourn"]
[EventRounds "7"]
[EventCountry "ESP"]
[SourceTitle "EXT 2019"]
[Source "ChessBase"]
[SourceDate "2018.10.10"]
[SourceVersion "1"]
[SourceVersionDate "2018.10.10"]
[SourceQuality "1"]
[WhiteTeam "Barbastro"]
[BlackTeam "Delicias"]
[WhiteTeamCountry "ESP"]
[BlackTeamCountry "ESP"]

1. e4 e6 2. d3 d5 3. Nd2 c5 4. g3 Nc6 5. Bg2 Nf6 6. Ngf3 g6 7. 0-0 Bg7 8. exd5 Nxd5 9. Nb3 b6 10. c4 Nde7 11. d4 cxd4 12. Nfxd4 Bd7 13. Bg5 f6 14. Be3 Nxd4 15. Nxd4 Rc8 16. Qe2 0-0 17. Rfd1 Qc7 18. Rac1 Rfd8 19. c5 bxc5 20. Nb3 c4 21. Nc5 Nf5 22. Nxd7 Rxd7 23. Rxd7 Qxd7 24. Bxa7 Kf7 25. Bb6 Qb5 26. Qd2 Bh6 27. Be3 Nxe3 28. fxe3 Rc7 29. Bf1 Rd7 30. Qc3 Qc5 31. Re1 Rc7 32. Qd4 c3 33. bxc3 Qxc3 34. Qxc3 Rxc3 35. Kf2 f5 36. a4 Ra3 37. Bb5 e5 38. Re2 e4 39. h4 Kf6 40. Bc6 g5 41. hxg5+ Bxg5 42. Bd7 Ke5 43. Be8 h6 44. Re1 Ra2+ 45. Re2 Ra3 46. Re1 Ra2+ 47. Re2 1/2-1/2

[Event "Aragon-chT Honor Gr I"]
[Site "Aragon"]
[Date "2018.02.17"]
[Round "4.21"]
[White "Roche Simon, Manuel Angel"]
[Black "Gavin Roche, Enrique"]
[Result "1/2-1/2"]
[WhiteElo "2210"]
[BlackElo "2231"]
[PlyCount "99"]
[EventDate "2018.01.27"]
[EventType "team-tourn"]
[EventRounds "7"]
[EventCountry "ESP"]
[SourceTitle "EXT 2019"]
[Source "ChessBase"]
[SourceDate "2018.10.10"]
[SourceVersion "1"]
[SourceVersionDate "2018.10.10"]
[SourceQuality "1"]
[WhiteTeam "Delicias"]
[BlackTeam "Aragon ONCE"]
[WhiteTeamCountry "ESP"]
[BlackTeamCountry "ESP"]

1. e4 e6 2. d4 d5 3. Nd2 c5 4. Ngf3 cxd4 5. Nxd4 Nc6 6. Nxc6 bxc6 7. Bd3 Nf6 8. 0-0 Bc5 9. e5 Nd7 10. Qh5 g6 11. Qe2 Qc7 12. Nf3 Bf8 13. c4 Nc5 14. b3 a5 15. Be3 Nxd3 16. Qxd3 dxc4 17. bxc4 h6 18. Rfd1 c5 19. Rab1 Be7 20. Qb3 g5 21. Qb6 Qxb6 22. Rxb6 Ba6 23. Rc1 Kd7 24. Nd2 Kc7 25. Rb3 a4 26. Rbb1 Rab8 27. Kf1 Rb4 28. a3 Rxb1 29. Rxb1 Rd8 30. Ke2 Rd5 31. f4 gxf4 32. Bxf4 Bg5 33. Rf1 Bxf4 34. Rxf4 Rxe5+ 35. Kd3 Rf5 36. Rxf5 exf5 37. g3 Kd6 38. Nb1 Bb7 39. Nc3 Bc6 40. Ke3 Ke5 41. Ne2 Be4 42. Nf4 Bc2 43. Nh5 Bb3 44. Kd3 Ba2 45. Nf4 Bb1+ 46. Ke3 Be4 47. Ne2 Bc6 48. Nf4 Be4 49. Ne2 Bc2 50. Nf4 1/2-1/2

[Event "ESP-ch Seniors 50+"]
[Site "Altea"]
[Date "2017.10.12"]
[Round "6"]
[White "Cantero Navarro, Antonio"]
[Black "Roche Simon, Manuel Angel"]
[Result "1/2-1/2"]
[WhiteElo "2153"]
[BlackElo "2216"]
[PlyCount "168"]
[EventDate "2017.10.07"]
[EventType "swiss"]
[EventRounds "9"]
[EventCountry "ESP"]
[SourceTitle "CBM 181 Extra"]
[Source "ChessBase"]
[SourceDate "2017.12.12"]
[SourceVersion "1"]
[SourceVersionDate "2017.12.12"]
[SourceQuality "1"]

1. e4 e6 2. d4 d5 3. Nd2 c5 4. Ngf3 Nc6 5. exd5 exd5 6. Bb5 Bd6 7. dxc5 Bxc5 8. 0-0 Nge7 9. Nb3 Bb6 10. Re1 0-0 11. Be3 Bf5 12. c3 Re8 13. Qd2 Be4 14. Nfd4 Rc8 15. Rad1 Nf5 16. Nxf5 Bxf5 17. Qxd5 Qxd5 18. Rxd5 Be6 19. Rd2 Bxb3 20. axb3 Bxe3 21. fxe3 Red8 22. Rxd8+ Rxd8 23. Bxc6 bxc6 24. Ra1 Rd7 25. Ra6 Rc7 26. b4 Kf8 27. Kf2 Ke7 28. Ke2 Kd7 29. Ra5 Kc8 30. Rg5 g6 31. Rc5 a6 32. g4 f6 33. h4 Kb7 34. h5 Re7 35. g5 f5 36. Kd3 Rd7+ 37. Kc2 Re7 38. hxg6 hxg6 39. Kd3 Rd7+ 40. Ke2 Re7 41. Rc4 Rh7 42. e4 Rh5 43. exf5 gxf5 44. g6 Rg5 45. Rf4 Rxg6 46. Rxf5 Rg1 47. Kd3 Kb6 48. c4 Rg3+ 49. Kc2 Rg4 50. Kb3 Rh4 51. Rf7 a5 52. c5+ Ka6 53. bxa5 Kxa5 54. Rb7 Rh5 55. Kc4 Rh4+ 56. Kc3 Rh3+ 57. Kd4 Rh4+ 58. Ke5 Rh6 59. Rb6 Rg6 60. Kd4 Rg4+ 61. Kc3 Rg3+ 62. Kc4 Rg4+ 63. Kc3 Rg3+ 64. Kd4 Rg4+ 65. Ke5 Rg6 66. Kf5 Rh6 67. Ke5 Rg6 68. b3 Rh6 69. Kd4 Rh4+ 70. Kc3 Rh3+ 71. Kb2 Rh5 72. b4+ Ka4 73. Kc3 Rh3+ 74. Kd4 Rh6 75. Ke5 Rg6 76. b5 Rg5+ 77. Kd6 cxb5 78. Ra6+ Kb3 79. c6 b4 80. Ra8 Rg6+ 81. Kd7 Rg7+ 82. Kd6 Kc2 83. Rb8 b3 84. c7 Rxc7 1/2-1/2

[Event "Aragon-ch Seniors-A"]
[Site "Zaragoza"]
[Date "2017.06.10"]
[Round "8"]
[White "Gines Abad, Pedro"]
[Black "Roche Simon, Manuel Angel"]
[Result "1/2-1/2"]
[WhiteElo "1972"]
[BlackElo "2170"]
[PlyCount "163"]
[EventDate "2017.04.22"]
[EventType "swiss"]
[EventRounds "8"]
[EventCountry "ESP"]
[SourceTitle "EXT 2019"]
[Source "ChessBase"]
[SourceDate "2018.10.10"]
[SourceVersion "1"]
[SourceVersionDate "2018.10.10"]
[SourceQuality "1"]

1. d4 d5 2. Nf3 c5 3. dxc5 Nf6 4. e3 e6 5. c4 Bxc5 6. a3 a5 7. Nc3 Nc6 8. Be2 0-0 9. 0-0 Ne4 10. Nxe4 dxe4 11. Qxd8 Rxd8 12. Nd2 f5 13. Rd1 a4 14. b4 axb3 15. Nxb3 Rxd1+ 16. Bxd1 Be7 17. Bb2 Kf7 18. f4 Na5 19. Nxa5 Rxa5 20. a4 Bf6 21. Bxf6 Kxf6 22. Kf2 Ra6 23. c5 Rc6 24. Rc1 b6 25. Be2 Rxc5 26. Rxc5 bxc5 27. a5 Bb7 28. a6 Ba8 29. Ke1 e5 30. g3 exf4 31. exf4 Bd5 32. Kd2 Ke7 33. a7 Kd6 34. Ke3 h6 35. h4 Ba8 36. Bc4 Ke7 37. Kd2 Kd6 38. Bg8 Kc7 39. Bh7 Kb6 40. Bxf5 Kxa7 41. Ke3 Kb6 42. Bxe4 Bxe4 43. Kxe4 h5 44. g4 hxg4 45. f5 g3 46. Kf3 c4 47. f6 gxf6 48. h5 g2 49. Kxg2 c3 50. h6 c2 51. h7 c1Q 52. h8Q Qg5+ 53. Kf3 Qf5+ 54. Ke3 Qe5+ 55. Kf3 Qc3+ 56. Ke2 Qc2+ 57. Ke3 Qc1+ 58. Kf3 Qf1+ 59. Ke3 Qe1+ 60. Kf3 Qc3+ 61. Ke2 Kc7 62. Qh7+ Kd6 63. Qh2+ Ke6 64. Qh8 Qg3 65. Qe8+ Kf5 66. Qd7+ Kg6 67. Qe8+ Kg5 68. Qg8+ Kf4 69. Qb8+ Kg4 70. Qg8+ Kh3 71. Qh8+ Qh4 72. Qxh4+ Kxh4 73. Kf3 Kg5 74. Kg3 Kf5 75. Kf3 Ke5 76. Ke3 f5 77. Kf3 f4 78. Kf2 Ke4 79. Ke2 f3+ 80. Kf1 Kf4 81. Kf2 Kg4 82. Kf1 1/2-1/2

[Event "Estadilla op 31st rapid"]
[Site "Estadilla"]
[Date "2017.05.21"]
[Round "6"]
[White "Roche Simon, Manuel Angel"]
[Black "Garza Marco, Sergio"]
[Result "1/2-1/2"]
[WhiteElo "2178"]
[BlackElo "2414"]
[PlyCount "141"]
[EventDate "2017.05.21"]
[EventType "swiss (rapid)"]
[EventRounds "9"]
[EventCountry "ESP"]
[SourceTitle "EXT 2019"]
[Source "ChessBase"]
[SourceDate "2018.10.10"]
[SourceVersion "1"]
[SourceVersionDate "2018.10.10"]
[SourceQuality "1"]

1. e4 g6 2. d4 Bg7 3. Nc3 d6 4. Be3 c6 5. Qd2 Nd7 6. Nf3 b5 7. Bd3 Bb7 8. 0-0 Qc7 9. a4 b4 10. Ne2 c5 11. dxc5 dxc5 12. Bb5 Rd8 13. Rad1 Bxe4 14. c3 bxc3 15. Nxc3 Bc6 16. Rfe1 Ngf6 17. Bxc5 Nxc5 18. Qxd8+ Qxd8 19. Rxd8+ Kxd8 20. Bxc6 e6 21. Ne5 Ke7 22. b4 Ncd7 23. Bxd7 Nxd7 24. f4 Bxe5 25. fxe5 Rb8 26. Nb5 a6 27. Na7 Ke8 28. b5 axb5 29. Nxb5 Ke7 30. Kf2 Nc5 31. Ra1 Nxa4 32. Rxa4 Rxb5 33. Re4 Rb3 34. h4 h6 35. g3 Kf8 36. Kg2 Kg7 37. Kf2 Ra3 38. Kg2 Ra1 39. Kf2 Ra5 40. Kf3 f6 41. exf6+ Kxf6 42. Rb4 Ra3+ 43. Kf2 Kf5 44. Rf4+ Ke5 45. Rf8 h5 46. Rf7 Ra4 47. Rf8 Rg4 48. Kf3 Kd6 49. Rd8+ Ke7 50. Rd2 Kf6 51. Rd8 e5 52. Re8 Kf5 53. Rf8+ Ke6 54. Re8+ Kf6 55. Rf8+ Ke7 56. Ra8 Rb4 57. Ra6 Rb3+ 58. Kf2 Kf7 59. Rc6 Rd3 60. Ra6 Rd7 61. Rb6 Re7 62. Ke3 Re6 63. Rb8 Kf6 64. Rf8+ Ke7 65. Rg8 Kf7 66. Rb8 Ra6 67. Ke4 Ra3 68. Kxe5 Rxg3 69. Rb7+ Ke8 70. Ke6 Kd8 71. Rg7 1/2-1/2

[Event "Aragon-ch Seniors-A"]
[Site "Zaragoza"]
[Date "2017.05.20"]
[Round "5"]
[White "Roche Simon, Manuel Angel"]
[Black "Franco Ibanez, Carlos"]
[Result "1-0"]
[WhiteElo "2170"]
[BlackElo "2028"]
[PlyCount "49"]
[EventDate "2017.04.22"]
[EventType "swiss"]
[EventRounds "8"]
[EventCountry "ESP"]
[SourceTitle "EXT 2019"]
[Source "ChessBase"]
[SourceDate "2018.10.10"]
[SourceVersion "1"]
[SourceVersionDate "2018.10.10"]
[SourceQuality "1"]

1. e4 e5 2. Nf3 Nc6 3. d4 exd4 4. Nxd4 Bc5 5. Nb3 Bb6 6. Nc3 Nf6 7. Qe2 0-0 8. Be3 Re8 9. f3 Qe7 10. 0-0-0 Bxe3+ 11. Qxe3 d6 12. g4 Be6 13. Kb1 Rad8 14. g5 Nd7 15. f4 Nb6 16. Bg2 Bxb3 17. axb3 d5 18. Qg3 d4 19. Nd5 Qc5 20. Nf6+ Kh8 21. Nxe8 Rxe8 22. e5 Nb4 23. Qf2 Rd8 24. c3 N4d5 25. Qxd4 1-0

[Event "Aragon-ch Seniors-A"]
[Site "Zaragoza"]
[Date "2017.05.06"]
[Round "3"]
[White "Roche Simon, Manuel Angel"]
[Black "Palomar Ramon, Santiago"]
[Result "1-0"]
[WhiteElo "2170"]
[BlackElo "1944"]
[PlyCount "73"]
[EventDate "2017.04.22"]
[EventType "swiss"]
[EventRounds "8"]
[EventCountry "ESP"]
[SourceTitle "EXT 2019"]
[Source "ChessBase"]
[SourceDate "2018.10.10"]
[SourceVersion "1"]
[SourceVersionDate "2018.10.10"]
[SourceQuality "1"]

1. e4 e5 2. Nf3 Nf6 3. d4 Nxe4 4. Nxe5 d5 5. Bd3 Bd6 6. 0-0 0-0 7. c4 c6 8. Nc3 Qh4 9. g3 Nxc3 10. bxc3 Qh3 11. Re1 Nd7 12. cxd5 cxd5 13. Qf3 Bxe5 14. dxe5 Nc5 15. Bf1 Qe6 16. Ba3 b6 17. Rab1 Bd7 18. Bg2 Bc6 19. Qe3 Na4 20. Qd4 Rfd8 21. Rbd1 b5 22. h4 Nb6 23. Kh2 Nc4 24. Bc5 Re8 25. f4 Qf5 26. Re2 f6 27. Bxd5+ Bxd5 28. Qxd5+ Kh8 29. Qf7 Qg4 30. Rde1 fxe5 31. fxe5 Red8 32. Bd4 Rf8 33. e6 Rxf7 34. exf7 h5 35. Re8+ Kh7 36. f8Q Rxe8 37. Rxe8 1-0